ARRUPE JESUIT UNIVERSITY

CORONAVIRUS -STOP THE SPREAD - CLEAN,DISINFECT,COVER

The Bantu of North Kavirondo (Record no. 128)

MARC details
000 -LEADER
fixed length control field 00404nam a2200181Ia 4500
003 - CONTROL NUMBER IDENTIFIER
control field 0100
008 - FIXED-LENGTH DATA ELEMENTS--GENERAL INFORMATION
fixed length control field 130227s9999 xx 000 0 und d
040 ## - CATALOGING SOURCE
Transcribing agency ARRUPELIB
050 ## - LIBRARY OF CONGRESS CALL NUMBER
Classification number DT434.E2.W3
100 ## - MAIN ENTRY--PERSONAL NAME
Personal name Wagner, Gunter
9 (RLIN) 31070
245 #4 - TITLE STATEMENT
Title The Bantu of North Kavirondo
260 ## - PUBLICATION, DISTRIBUTION, ETC. (IMPRINT)
Name of publisher, distributor, etc Oxford University Press
Place of publication, distribution, etc London
Date of publication, distribution, etc 1949
300 ## - PHYSICAL DESCRIPTION
Extent xx
300 ## - PHYSICAL DESCRIPTION
Other physical details 511p 21cm
650 ## - SUBJECT ADDED ENTRY--TOPICAL TERM
Topical term or geographic name as entry element Bantus
General subdivision North Kavirondo, Kenya
9 (RLIN) 31071
942 ## - ADDED ENTRY ELEMENTS (KOHA)
Source of classification or shelving scheme Library of Congress Classification
Item type Monograph ( Printed materials)
Holdings
Withdrawn status Lost status Source of classification or shelving scheme Damaged status Not for loan Collection code Home library Current library Shelving location Date acquired Total Checkouts Full call number Barcode Date last seen Copy number Price effective from Koha item type
    Library of Congress Classification     Main Collection ARRUPE LIBRARY ARRUPE LIBRARY   27/02/2013   DT434.E2.W3 46400408 07/12/2017 1 27/02/2013 Monograph ( Printed materials)

 

Arrupe Library. PO Box MP320 Mt Pleasant, Harare, Zimbabwe
263 242 745411|librarian@aju.ac.zw